000 01546nam a2200349 c 4500
001 18835
003 ES-MaCES
005 20141221122552.0
008 060509s2008 sp t o000 | spa d
017 _aM 18416-1998
_bDL
035 _aCES20060005465m
040 _aES-MaCES
_bspa
_cES-MaCES
245 0 0 _aInforme 6-05 sobre el Proyecto de decreto por el que se aprueba el Reglamento técnico de desarrollo en materia de promoción de la accesibilidad y supresión de barreras arquitectónicas
_cConsejo Económico y Social, Comunidad de Madrid
260 _a[Madrid]
_bCES
_c[2005]
300 _a10 p.
_c24 cm
500 _aTít. tomado de la cub.
541 _cGratuito
650 4 _apersona con discapacidad
_928689
650 4 _aaccesibilidad
_929338
650 4 _aayudas técnicas para discapacitados
_929324
650 4 _aautonomía de las personas con discapacidad
_929665
650 4 _aintegración de las personas con discapacidad
_929681
650 4 _aMadrid (Comunidad Autónoma)
_930777
650 4 _areglamento
_927154
650 4 _ainforme
_928986
653 1 0 _aAsuntos Sociales
710 2 _aConsejo Económico y Social (Madrid)
_92424
787 0 _tInforme 24-98 sobre el Proyecto de decreto por el que se aprueba el Reglamento de desarrollo del título V de la Ley 8/1993, de 22 de junio, de promoción de la accesibilidad y supresión de barreras arquitectónicas de la Comunidad de Madrid
_w(ES-MaCES)8945
902 _aLIB Libro
942 _2CES
_cBK
_h3.3.
999 _c18835
_d18835